Kau laksana bulan .... (Record no. 82493)

MARC details
000 -LEADER
fixed length control field 00626nam a2200241 i 4500
001 - CONTROL NUMBER
control field C2-0274760
003 - CONTROL NUMBER IDENTIFIER
control field PPAK
005 - DATE AND TIME OF LATEST TRANSACTION
control field 20180728003722.0
008 - FIXED-LENGTH DATA ELEMENTS--GENERAL INFORMATION
fixed length control field 061004s2006 my |||| ||||| | may d
020 ## - INTERNATIONAL STANDARD BOOK NUMBER
International Standard Book Number 9834276133
040 ## - CATALOGING SOURCE
Original cataloging agency PPAK
Language of cataloging eng
Transcribing agency PPAK
Description conventions rda
082 04 - DEWEY DECIMAL CLASSIFICATION NUMBER
Classification number 899.233
Edition number 23
090 00 - LOCALLY ASSIGNED LC-TYPE CALL NUMBER (OCLC); LOCAL CALL NUMBER (RLIN)
Classification number (OCLC) (R) ; Classification number, CALL (RLIN) (NR) 899.233
Feature heading AIN
Feature heading G
100 0# - MAIN ENTRY--PERSONAL NAME
Personal name Aina Emir,
Relator term author
245 10 - TITLE STATEMENT
Title Kau laksana bulan ....
264 #1 - PRODUCTION, PUBLICATION, DISTRIBUTION, MANUFACTURE, AND COPYRIGHT NOTICE
Place of production, publication, distribution, manufacture Selangor :
Name of producer, publisher, distributor, manufacturer KamaDya Solutions ,
Date of production, publication, distribution, manufacture, or copyright notice 2006
300 ## - PHYSICAL DESCRIPTION
Extent 526 pages ;
Dimensions 19 cm
336 ## - CONTENT TYPE
Source rdacontent
Content type term text
337 ## - MEDIA TYPE
Source rdamedia
Media type term unmediated
338 ## - CARRIER TYPE
Source rdacarrier
Carrier type term volume
650 10 - SUBJECT ADDED ENTRY--TOPICAL TERM
Topical term or geographic name entry element Malay fiction.
942 ## - ADDED ENTRY ELEMENTS (KOHA)
-- dc
Koha item type Book
Holdings
Withdrawn Not for loan Current library Shelving location Date acquired Total Checkouts Full call number Barcode Date last seen Koha item type
    Perpustakaan Baling Pinjaman Dewasa 19/03/2007   899.233 AIN A01149572 09/05/2018 Book
    Perpustakaan Bandar Baharu Pinjaman Dewasa 19/03/2007   899.233 AIN A01149573 09/05/2018 Book
    Perpustakaan Langkawi Pinjaman Dewasa 19/03/2007   899.233 AIN A01149568 09/05/2018 Book
    Perpustakaan Sik Pinjaman Dewasa 19/03/2007   899.233 AIN A01149571 09/05/2018 Book
    Perpustakaan Yan Pinjaman Dewasa 19/03/2007   899.233 AIN A01149570 09/05/2018 Book
    PD20, Felda Lubuk Merbau, Pendang Pinjaman Dewasa 15/04/2007   899.233 AIN A00812164 09/05/2018 Book
    PD31, Kg. Gelam, Bedong Pinjaman Dewasa 22/12/2009   899.233 AIN A01337820 09/05/2018 Book
    PD33, Kg. Belau, Merbok Pinjaman Dewasa 22/12/2009   899.233 AIN A01337822 09/05/2018 Book
    PD34, Kg. Pantai Prai Pinjaman Dewasa 01/04/2010   899.233 AIN A01339032 09/05/2018 Book
    PD34, Kg. Pantai Prai Pinjaman Dewasa 31/03/2010   899.233 AIN A01351154 09/05/2018 Book
    PD38, KEDA Tanjung Setol, Pendang Pinjaman Dewasa 08/01/2015   899.233 AIN A00872784 09/05/2018 Book
    T-PD32, Kg. Thye Eng, Bedong Pinjaman Dewasa 22/12/2009   899.233 AIN A01337821 09/05/2018 Book